000 01270nam a2200313 i 4500
003 AR-BaBN
005 20260305141131.0
007 ta
008 260305e2012 ag a|||gr||||f||1 m|spa
020 _a9789871741250
040 _aAR-BaBN
_bspa
_cBNPHU
_erda
082 _a070.17
_bB732pr 2012
_222
100 1 _aBorges, Jorge Luis,
_d1899-1986
_94173
_eautor
245 0 0 _aProa 1924-1926 :
_ncon estudio preliminar e índices /
_cdirector, Jorge Luis Borges.
250 _aEdicion Facsimilar No. 17.
264 _aBuenos Aires, Argentina :
_bBiblioteca Nacional.
_bFundación Internacional Jorge Luis Borges,
_c2012.
300 _a110 páginas :
_bilustraciones ;
_c21 cm.
336 _atexto
_btxt
_2rdacontent
337 _asin mediación
_bn
_2rdamedia
338 _avolumen
_bnc
_2rdacarrier
490 1 _aReediciones & Antologías
650 4 _aLiteratura argentina
_ySiglo XX
_xPublicaciones periódicas
_989131
650 4 _aLiteratura
_ySiglo XX
_xPublicaciones periódicas
_989132
650 4 _aLiteratura
_xHistoria y crítica
_xPublicaciones periódicas
_989133
655 4 _aFacsímiles
_989134
776 1 8 _iVersión original
_tProa
_w(AR-BaBN)001209533
830 0 _aReediciones y antologías (Biblioteca Nacional Mariano Moreno)
_989144
942 _2ddc
_cLBS1
999 _c60442
_d60442